Podział administracyjny Polski w okresie 14-31 marca 1945 - Statystyki

Ogólne statystyki
  • Ten quiz został rozwiązany 1 052 razy
  • Średni wynik to 10 z 16
Odpowiedzi na mapie
Odpowiedzi zakodowano w zielono-czerwonej skali na mapie do tego quizu, zgodnie z poniższymi procentami.
 
Statystyki odpowiedzi
Status Jednostka % Poprawnych
Miasto wydzielone Warszawa
96%
Miasto wydzielone Łódź
95%
Województwo Łódzkie
83%
Województwo Pomorskie
83%
Województwo Śląskie
82%
Województwo Krakowskie
81%
Województwo Lubelskie
81%
Województwo Warszawskie
81%
Województwo Poznańskie
79%
Województwo Kieleckie
73%
Województwo Białostockie
72%
Okręg Okręg Mazurski
47%
Województwo Lwowskie
29%
Okręg Dolny Śląsk
21%
Okręg Pomorze Zachodnie
17%
Okręg Śląsk Opolski
8%
Nie znaleziono quizów pasujących do podanych kryteriów
Rozkład punktacji
Procent ludzi z każdym wynikiem
Percentyl według liczby udzielonych odpowiedzi
Twoja historia wyników
Nie rozwiązałeś tego quizu